[Event "57th ch-POL"]
[Site "Plock POL"]
[Date "2000.05.07"]
[Round "10"]
[White "Gdanski,J"]
[Black "Czerwonski,A"]
[Result "1-0"]
[WhiteElo "2535"]
[BlackElo "2414"]

1.e4 e5 2.Nf3 Nc6 3.Bb5 a6 4.Ba4 Nf6 5.O-O Be7 6.Re1 b5 7.Bb3 d6 8.c3 O-O
9.h3 Bb7 10.d4 Re8 11.Nbd2 Bf8 12.a4 h6 13.Bc2 exd4 14.cxd4 Nb4 15.Bb1 bxa4
16.Rxa4 a5 17.Ra3 d5 18.e5 Ne4 19.Rae3 c5 20.Nxe4 dxe4 21.Bxe4 Bxe4 22.Rxe4 c4
23.Rg4 Ra6 24.Qa4 Ree6 25.Bd2 Qd5 26.Bc3 Nd3 27.Re3 Reb6 28.Qc2 Bb4 29.Nd2 Bxc3
30.Qxc3 Nxb2 31.Reg3 g6 32.Qe3 Kg7 33.Ne4 Rb3 34.Nc3 Qd8 35.Rf3 Nd3 36.d5 Rxc3
37.Qd4 Rc1+ 38.Kh2 Nxe5 39.Qxe5+ Kg8 40.Rgf4 Ra7 41.Qe3 Qb8 42.Qxc1  1-0

[Event "ch-IND Women"]
[Site "Mumbai IND"]
[Date "2000.06.13"]
[Round "7"]
[White "Pratibha,Y"]
[Black "Vijayalakshimi,S"]
[Result "1-0"]
[WhiteElo "2091"]
[BlackElo "2383"]

1.e4 e5 2.Nf3 Nc6 3.Bb5 a6 4.Ba4 Nf6 5.O-O Be7 6.Re1 b5 7.Bb3 d6 8.c3 O-O
9.h3 Bb7 10.d4 Re8 11.Ng5 Rf8 12.Nf3 h6 13.Nbd2 Re8 14.Nf1 Bf8 15.Ng3 Na5
16.Bc2 c5 17.a4 cxd4 18.cxd4 Nc6 19.b3 Nxd4 20.Nxd4 exd4 21.axb5 axb5 22.Rxa8 Qxa8
23.Qxd4 Qc8 24.Bd3 Qc6 25.Bb2 Re5 26.b4 Re6 27.Rc1 Qd7 28.f3 Nh7 29.Nf5 Rg6
30.h4 d5 31.e5 Ra6 32.Nd6 Bc6 33.Bf5 Qe7 34.Bc8 Ra2 35.Rxc6 Nf6 36.Ra6 Rxa6
37.Bxa6 Ne8 38.Nxe8 Qxe8 39.Qxd5 Bxb4 40.Bxb5 Qe7 41.Bc4 Qc5+ 42.Qxc5 Bxc5+
43.Kf1 g6 44.Ke2 Kf8 45.f4 Bb4 46.Bd4 Ke7 47.g4 Kf8 48.f5 h5 49.gxh5 gxf5
50.Bd3 Be7 51.Bxf5 Kg7 52.Be3 Bxh4 53.h6+ Kh8 54.e6 Kg8 55.h7+  1-0

[Event "zt 1.5"]
[Site "Yerevan ARM"]
[Date "2000.06.15"]
[Round "9"]
[White "Kotronias,V"]
[Black "Dervishi,E"]
[Result "1-0"]
[WhiteElo "2539"]
[BlackElo "2478"]

1.e4 e5 2.Nf3 Nc6 3.Bb5 a6 4.Ba4 Nf6 5.O-O Be7 6.Re1 b5 7.Bb3 d6 8.c3 O-O
9.h3 Bb7 10.d4 Re8 11.Nbd2 Bf8 12.a4 h6 13.Bc2 exd4 14.cxd4 Nb4 15.Bb1 c5
16.d5 Nd7 17.Ra3 f5 18.Nh2 Nf6 19.Rf3 Re5 20.Rxf5 Rxf5 21.exf5 Bxd5 22.Ne4 Bf7
23.Nxf6+ Qxf6 24.Ng4 Qd4 25.Qf3 Re8 26.Rxe8 Bxe8 27.f6 Qd5 28.Be4 Qe6 29.Bd2 Bf7
30.axb5 axb5 31.Bf5 Qd5 32.fxg7 Qxd2 33.Bh7+ Kxg7 34.Qf6+ Kxh7 35.Qxf7+ Kh8
36.Qxf8+ Kh7 37.Qf7+ Kh8 38.g3 Nd3 39.Qf8+ Kh7 40.Qe7+ Kh8 41.Qxd6 b4 42.Qf8+ Kh7
43.Qf5+ Kg7 44.h4 c4 45.Qf6+ Kg8 46.Nxh6+ Kh7 47.Nf7 Qe1+ 48.Kg2 Qe4+ 49.Kh2 Qd5
50.Ng5+ Kg8 51.Ne6 Qd7 52.h5  1-0

[Event "ECh-u20"]
[Site "Aviles ESP"]
[Date "2000.08.25"]
[Round "9"]
[White "Horvath,Ad"]
[Black "Jenni,F"]
[Result "1-0"]
[WhiteElo "2425"]
[BlackElo "2440"]

1.e4 e5 2.Nf3 Nc6 3.Bb5 a6 4.Ba4 Nf6 5.O-O Be7 6.Re1 b5 7.Bb3 O-O 8.c3 d6
9.h3 Bb7 10.d4 Re8 11.Nbd2 Bf8 12.Bc2 g6 13.d5 Ne7 14.b3 c6 15.c4 Bg7 16.Nf1 Qc7
17.Be3 Rac8 18.Rc1 Nd7 19.Bb1 b4 20.Qd2 cxd5 21.exd5 a5 22.Bh6 Nc5 23.Ng3 f6
24.Nh2 Kh8 25.Bxg7+ Kxg7 26.f4 exf4 27.Qxf4 Ng8 28.h4 Qd7 29.Rf1 Rf8 30.Nf3 Rce8
31.Nd4 Nh6 32.Ne4 Nxe4 33.Bxe4 Qg4 34.Qxg4 Nxg4 35.Bf3 Bc8 36.Nb5 Rd8 37.Bxg4 Bxg4
38.Rfe1 Rd7 39.Nd4 Ra8 40.Re4 h5 41.Rce1 a4 42.Re8 Rxe8 43.Rxe8 axb3 44.axb3 Ra7
45.Nb5 Ra1+ 46.Kh2 Rb1 47.Nxd6 Rxb3 48.Re7+ Kf8 49.Rf7+ Kg8 50.Rb7 Kf8 51.Ne4 f5
52.Nc5 Rb2 53.Ne6+ Ke8 54.d6 Rd2 55.Re7+  1-0

[Event "Abihome Open"]
[Site "Brussels BEL"]
[Date "2000.10.07"]
[Round "2"]
[White "Svidler,P"]
[Black "Wantiez,F"]
[Result "1-0"]
[WhiteElo "2689"]
[BlackElo "2244"]

1.e4 e5 2.Nf3 Nc6 3.Bb5 a6 4.Ba4 Nf6 5.O-O Be7 6.Re1 b5 7.Bb3 d6 8.c3 O-O
9.h3 Bb7 10.d4 Re8 11.Nbd2 Bf8 12.d5 Na7 13.Nf1 g6 14.Ng3 Bg7 15.Bg5 h6 16.Be3 Qe7
17.Qd2 Kh7 18.a4 c5 19.Bc2 bxa4 20.Rxa4 Nb5 21.Rea1 Rec8 22.Qe2 Bf8 23.Bd3 Qe8
24.Nd2 Be7 25.Nc4 Bd8 26.R4a2 Nd7 27.Nf1 Ra7 28.Na5 Bxa5 29.Rxa5 Nc7 30.b4 Raa8
31.bxc5 dxc5 32.Nd2 Qe7 33.c4 Ne8 34.Bc2 Rc7 35.Ba4 Nef6 36.Qd3 Qd6 37.Qc3 Rac8
38.Rf1 Nh5 39.Bxd7 Rxd7 40.Nb3 Rdc7 41.Nxc5 Nf4 42.Bxf4 Rxc5 43.Bxe5 Qe7
44.Rxc5 Qxc5 45.Rb1 Ba8 46.Qf3 Qe7 47.Bf6 Qe8 48.Bd4 f5 49.exf5 Rxc4 50.fxg6+ Qxg6
51.Rb6 Qg8 52.Qe4+  1-0

[Event "34th Olympiad"]
[Site "Istanbul TUR"]
[Date "2000.11.06"]
[Round "9"]
[White "Salas,Cr"]
[Black "Green,P"]
[Result "1/2-1/2"]
[WhiteElo "2300"]
[BlackElo "2239"]

1.e4 e5 2.Nf3 Nc6 3.Bb5 a6 4.Ba4 Nf6 5.O-O Be7 6.Re1 b5 7.Bb3 d6 8.c3 O-O
9.h3 Bb7 10.d4 Re8 11.Nbd2 Bf8 12.a4 h6 13.Bc2 Nb8 14.axb5 axb5 15.Rxa8 Bxa8
16.Bd3 c6 17.Nf1 Nbd7 18.Ng3 g6 19.b3 Bb7 20.Be3 Qa5 21.Bd2 Qc7 22.Qc1 Kh7
23.Qb2 Ra8 24.Ra1 Qb8 25.Be3 Rxa1+ 26.Qxa1 Qa8 27.Qxa8 Bxa8 28.dxe5 Nxe5
29.Nxe5 dxe5 30.f3 Nd7 31.b4 h5 32.Ne2 Bh6 33.Bxh6 Kxh6 34.h4 Nb6 35.Bc2 Bb7
36.Bb3 Kg7 37.Kf2 Bc8 38.Ke3 Kf6 39.Nc1 Be6 40.Bxe6 Kxe6 41.Nb3 Nc4+  1/2-1/2

[Event "34th Olympiad"]
[Site "Istanbul TUR"]
[Date "2000.11.07"]
[Round "10"]
[White "Holmsten,A"]
[Black "Cruz,F"]
[Result "1-0"]
[WhiteElo "2383"]
[BlackElo "2360"]

1.e4 e5 2.Nf3 Nc6 3.Bb5 a6 4.Ba4 Nf6 5.O-O b5 6.Bb3 Be7 7.Re1 O-O 8.c3 d6
9.h3 Bb7 10.d4 Re8 11.Nbd2 Bf8 12.Bc2 g6 13.b3 Bg7 14.d5 Ne7 15.c4 c6 16.Rb1 Qc7
17.Nf1 Rac8 18.Ne3 cxd5 19.cxd5 Nd7 20.Bd2 h6 21.Qe2 Qb6 22.Rec1 Rf8 23.Nh4 Kh7
24.Kh2 Ng8 25.a4 Ngf6 26.f3 h5 27.g3 Bh6 28.Nhg2 Nc5 29.h4 Rb8 30.Rf1 Bc8
31.Rbc1 Qd8 32.a5 Qd7 33.b4 Qh3+ 34.Kg1 Na4 35.Kf2 Qd7 36.Bxa4 bxa4 37.Nc4 Bxd2
38.Qxd2 Qe7 39.Nb6 Qa7 40.Ne3 Bd7 41.Rc2 Bb5 42.Rfc1 Ne8 43.Kg2 Qe7 44.Nd1 f5
45.Nf2 f4 46.Nh3 fxg3 47.Ng5+ Kg8 48.Qe1 Rb7 49.Qxg3 Rc7 50.Ne6 Rxc2+ 51.Rxc2 Rf6
52.Rc3 Bd7 53.Ng5 Bb5 54.Qe1 Rf4 55.Kg3 Qf6 56.Qc1 Qe7 57.Ra3 Nc7 58.Nxa4 Bxa4
59.Rxa4 Nb5 60.Qc8+ Rf8 61.Qxa6 Nd4 62.Ra2 Qc7 63.Rf2 Qc1 64.Kg2 Nc2 65.Qa7 Ne3+
66.Kh2  1-0

[Event "34th Olympiad"]
[Site "Istanbul TUR"]
[Date "2000.11.10"]
[Round "13"]
[White "Collins,S"]
[Black "Zjukin,S"]
[Result "0-1"]
[WhiteElo "2172"]
[BlackElo "2402"]

1.e4 e5 2.Nf3 Nc6 3.Bb5 a6 4.Ba4 Nf6 5.O-O Be7 6.Re1 b5 7.Bb3 d6 8.c3 O-O
9.h3 Bb7 10.d4 Re8 11.Ng5 Rf8 12.Nf3 h6 13.Nbd2 Re8 14.Nf1 Bf8 15.Ng3 Na5
16.Bc2 c5 17.d5 Nc4 18.b3 Nb6 19.Be3 g6 20.Nh2 h5 21.Ngf1 c4 22.b4 a5 23.a3 Qc7
24.Qf3 Bg7 25.g4 axb4 26.cxb4 hxg4 27.hxg4 Nbxd5 28.exd5 Bxd5 29.Qd1 Bb7
30.Ng3 d5 31.g5 Nh7 32.Bc1 Rad8 33.a4 Qe7 34.Qd2 e4 35.Rb1 Be5 36.Ng4 Bxg3
37.fxg3 d4 38.Nh6+ Kg7 39.Qf4 e3 40.Rxe3 dxe3 41.Bb2+ Kf8 42.Rf1 Rd7 43.Bd4 Nxg5
44.Kh2 e2 45.Re1 Rxd4  0-1

[Event "Tenkes Kupa"]
[Site "Harkany HUN"]
[Date "2000.11.16"]
[Round "1"]
[White "Kocsis,La"]
[Black "Hajnal,Z"]
[Result "0-1"]
[WhiteElo "2091"]
[BlackElo "2357"]

1.e4 e5 2.Nf3 Nc6 3.Bb5 a6 4.Ba4 Nf6 5.O-O Be7 6.Re1 b5 7.Bb3 d6 8.c3 O-O
9.h3 Bb7 10.d4 Re8 11.Nbd2 Bf8 12.d5 Nb8 13.Nf1 c6 14.dxc6 Bxc6 15.Ng3 Nbd7
16.Ng5 Re7 17.Qxd6 Qc8 18.Nxf7 Rxf7 19.Qe6 Nc5 20.Qxf7+ Kh8 21.Bg5 Nxb3 22.Qxb3 Nd7
23.Rad1 Qe8 24.Nf5 Nc5 25.Qc2 Qg6 26.Ne7 Qxg5 27.Nxc6 Ne6 28.Qe2 Nf4 29.Qg4 Qf6
30.Nb4 Bc5  0-1

[Event "Open"]
[Site "Padova ITA"]
[Date "2000.12.06"]
[Round "5"]
[White "Djuric,S"]
[Black "Dervishi,E"]
[Result "0-1"]
[WhiteElo "2472"]
[BlackElo "2478"]

1.e4 e5 2.Nf3 Nc6 3.Bb5 a6 4.Ba4 Nf6 5.O-O Be7 6.Re1 b5 7.Bb3 d6 8.c3 O-O
9.h3 Bb7 10.d3 Na5 11.Bc2 c5 12.Nbd2 Re8 13.Nf1 h6 14.Bd2 Nc6 15.Ne3 d5 16.exd5 Nxd5
17.Ng4 Bd6 18.d4 exd4 19.cxd4 Rxe1+ 20.Qxe1 Qe7 21.Qf1 c4 22.Re1 Qf8 23.Qe2 Ncb4
24.Bb1 Nf4 25.Bxf4 Bxf4 26.a3 Nd5 27.Qe4 g6 28.Nf6+ Nxf6 29.Qxf4 Nd5 30.Qg3 Re8
31.Be4 Nc3 32.bxc3 Bxe4 33.Ne5 Bf5 34.Re2 Kg7 35.Ra2 Qd6 36.a4 b4 37.cxb4 Qxd4
38.Nf3 Qd1+ 39.Kh2 c3 40.Nh4 Bb1 41.Qxc3+ Kh7 42.Rd2 Qxa4 43.Qb2 Be4 44.f3 g5
45.Qf6 Qb3 46.Rd7 Kg8 47.fxe4 gxh4 48.Qxh4 Qxb4 49.Qg3+ Kf8 50.Qf4 Qb8 51.Rc7 Qb3
52.Qxh6+ Kg8 53.Qg5+ Kf8 54.Qf6 Kg8 55.Rc3 Qe6 56.Rg3+ Kf8 57.Qg7+ Ke7 58.Rf3 Rc8
59.Qg5+ f6 60.Qg7+ Qf7  0-1

[Event "TCh-SVK"]
[Site "SVK"]
[Date "2000.12.17"]
[Round "6"]
[White "Maros,M"]
[Black "Marek,S"]
[Result "1-0"]
[WhiteElo "2217"]
[BlackElo "2205"]

1.e4 e5 2.Nf3 Nc6 3.Bb5 a6 4.Ba4 Nf6 5.O-O Be7 6.Re1 b5 7.Bb3 d6 8.c3 O-O
9.h3 Bb7 10.d4 Re8 11.Nbd2 Bf8 12.d5 Nb8 13.Nf1 Nbd7 14.Ng3 Nc5 15.Bc2 c6
16.dxc6 Bxc6 17.Qe2 h6 18.Nh2 d5 19.Rd1 Qc7 20.exd5 Bxd5 21.Ng4 Ncd7 22.Nh5 Nxh5
23.Rxd5 Ndf6 24.Rd1 Rad8 25.Rxd8 Qxd8 26.a4 b4 27.cxb4 Qb6 28.Nxf6+ Nxf6
29.a5 Qxb4 30.Qxa6 Bc5 31.Qe2 Bd4 32.a6 Re7 33.Ra4 Qb6 34.b4 Rc7 35.Be3 g6
36.b5 Kg7 37.Bd3 Nd5 38.Bxd4 exd4 39.Qe5+ Nf6 40.Qxd4 Rc1+ 41.Kh2 Qb8+ 42.Qf4  1-0

[Event "US-China Summit"]
[Site "Seattle USA"]
[Date "2001.03.14"]
[Round "1"]
[White "Xie Jun"]
[Black "Ivanov,AV"]
[Result "0-1"]
[WhiteElo "2557"]
[BlackElo "2582"]

1.e4 e5 2.Nf3 Nc6 3.Bb5 a6 4.Ba4 Nf6 5.O-O Be7 6.Re1 b5 7.Bb3 d6 8.c3 O-O
9.h3 Bb7 10.d4 Re8 11.Nbd2 Bf8 12.d5 Nb8 13.Nf1 Nbd7 14.Ng3 Nc5 15.Bc2 c6
16.b4 Ncd7 17.dxc6 Bxc6 18.Bb3 h6 19.Nh2 Nb6 20.Ng4 Nc4 21.a4 Nxg4 22.Qxg4 Bd7
23.Nf5 Kh7 24.Bxc4 bxc4 25.Qf3 Qf6 26.Rd1 Be6 27.Qe2 d5 28.Bb2 Rac8 29.Qe3 a5
30.Ng3 d4 31.cxd4 axb4 32.dxe5 Qg6 33.Bd4 c3 34.a5 Red8 35.Ne2 Bc4 36.Nxc3 bxc3
37.Bxc3 Rxd1+ 38.Rxd1 Qc6 39.Bd4 Ba6 40.Rb1 Qc2 41.Rb6 Qc4 42.Qf4 Kg8 43.Be3 Re8
44.Qg3 Re6 45.Kh2 Kh7 46.Qf4 Rxb6 47.axb6 Bc8 48.f3 Be7 49.Qg3 Qb5 50.Bd4 Qd7
51.Qf2 Bb7 52.Bc5 Qe6 53.Bd4 Qc4 54.Qd2 Qe6 55.Qc3 Bd8 56.Qc5 Kg8 57.Be3 Qc6
58.Qxc6 Bxc6 59.Bc5 Bg5 60.Kg3 Bd2 61.h4 Be1+ 62.Kg4 Bc3 63.Kf5 Bd7+ 64.Kf4 Bd2+
65.Kg3 Bc8 66.h5 Bb7 67.Kg4 Bc3 68.Kf4 Bc8 69.g4 Bb2 70.Ke3 Bxe5 71.f4 Bb2
72.e5 Bc1+ 73.Kf3 Bb7+ 74.Kg3 Bd2 75.f5 Bc1 76.Bd4 Kf8 77.Bc5+ Ke8 78.Bd4 Bg5
79.Bc5 Bc1 80.Bd4 Ba3 81.Kh4 Be7+ 82.f6 gxf6 83.exf6 Bb4 84.Be3 Bc3 85.g5 hxg5+
86.Kxg5 Kd7 87.Kf5 Ba6 88.Ke4 Bxf6 89.Bd4 Bb7+ 90.Kd3 Ke6 91.h6 Ba6+ 92.Kc3 Bxd4+
93.Kxd4 Kf6  0-1

[Event "Wotulo Mem"]
[Site "Jakarta INA"]
[Date "2001.03.29"]
[Round "9"]
[White "Djuric,S"]
[Black "Zaw Win Lay"]
[Result "1/2-1/2"]
[WhiteElo "2465"]
[BlackElo "2537"]

1.e4 e5 2.Nf3 Nc6 3.Bb5 a6 4.Ba4 Nf6 5.O-O Be7 6.Re1 b5 7.Bb3 d6 8.c3 O-O
9.h3 Bb7 10.d3 Nb8 11.Nbd2 Nbd7 12.Nf1 Nc5 13.Bc2 Re8 14.Ng3 Bf8 15.b4 Ncd7
16.d4 g6 17.Bg5 h6 18.Bd2 Bg7 19.Qc1 Kh7 20.dxe5 dxe5 21.Bb3 Qe7 22.a4 c5
23.axb5 axb5 24.Rxa8 Rxa8 25.c4 Bc6 26.cxb5  1/2-1/2

[Event "TCh-CHN Men"]
[Site "Suzhou, Jiangsu CHN"]
[Date "2001.04.03"]
[Round "8"]
[White "Zhang Pengxiang"]
[Black "Lin Ta"]
[Result "1-0"]
[WhiteElo "2487"]
[BlackElo "2374"]

1.e4 e5 2.Nf3 Nc6 3.Bb5 a6 4.Ba4 Nf6 5.O-O Be7 6.Re1 b5 7.Bb3 d6 8.c3 O-O
9.h3 Bb7 10.d4 Re8 11.Nbd2 Bf8 12.a3 h6 13.Bc2 Nb8 14.b4 Nbd7 15.Bb2 g6 16.c4 exd4
17.cxb5 axb5 18.Nxd4 c6 19.Rc1 Qb6 20.Bd3 Bg7 21.Qb3 Re7 22.N4f3 c5 23.e5 c4
24.Bxc4 dxe5 25.Bf1 e4 26.Nd4 Nd5 27.Nxb5 e3 28.fxe3 Nxe3 29.Bxg7 Nxf1+ 30.Bd4 Rxe1
31.Nxf1 Rxc1 32.Bxb6 Nxb6 33.Qe3 Rc6 34.Qe7 Ba6 35.Nc7 Nd5 36.Nxd5 Rc1 37.Nf6+ Kg7
38.Ne8+ Kg8 39.Qe5 Rxf1+ 40.Kh2 Kf8 41.Nc7  1-0

[Event "ch-CUB"]
[Site "Las Tunas CUB"]
[Date "2001.04.11"]
[Round "10"]
[White "Dominguez,L"]
[Black "Leyva,R"]
[Result "1-0"]
[WhiteElo "2556"]
[BlackElo "2400"]

1.e4 e5 2.Nf3 Nc6 3.Bb5 a6 4.Ba4 Nf6 5.O-O Be7 6.Re1 b5 7.Bb3 d6 8.c3 O-O
9.h3 Bb7 10.d4 Re8 11.Nbd2 Bf8 12.d5 Ne7 13.Nf1 h6 14.N3h2 Ng6 15.a4 Nd7
16.Bc2 c5 17.b3 Nf4 18.Nf3 Nb6 19.a5 Nd7 20.Kh2 g6 21.g3 Nh5 22.Be3 Qf6 23.Kg2 Bc8
24.Qd2 g5 25.Qd1 Qg6 26.N3h2 Ndf6 27.Bd2 Ng7 28.Ne3 Nh7 29.Qf3 f6 30.Nf5 h5
31.Rg1 Ra7 32.Rae1 Rd8 33.Rh1 Bd7 34.Nf1 Nxf5 35.exf5 Qf7 36.Be3 Rb7 37.Nd2 Be8
38.Be4 Rc7 39.Qd1 Qd7 40.Reg1 Qc8 41.Qe2 Rg7 42.Ra1 Rdd7 43.Nf1 Be7 44.Bd2 Bf8
45.Ne3 Rc7 46.h4 Bf7 47.Nf1 Qa8 48.c4 Be8 49.Bf3 g4 50.Be4 Kh8 51.f3 bxc4
52.bxc4 Rb7 53.fxg4 Rxg4 54.Nh2 Rgg7 55.Rhb1 Rxb1 56.Rxb1 Rb7 57.Qd1 Bg7
58.Rb6 Rxb6 59.axb6 Qb7 60.Ba5 Bf8 61.Bf3 Bd7 62.Bxh5 Bxf5 63.Be8 Be4+ 64.Nf3 Qg7
65.Bc6 f5 66.b7 f4 67.Be1 Qc7 68.Qb3 Qb8 69.Ba5 Nf6 70.gxf4 Be7 71.Kf1 Kg7
72.Ng5 exf4 73.Bc7  1-0

[Event "ch-CUB"]
[Site "Las Tunas CUB"]
[Date "2001.04.16"]
[Round "14"]
[White "Abreu,A"]
[Black "Leyva,R"]
[Result "1-0"]
[WhiteElo "2480"]
[BlackElo "2400"]

1.e4 e5 2.Nf3 Nc6 3.Bb5 a6 4.Ba4 Nf6 5.O-O Be7 6.Re1 b5 7.Bb3 d6 8.c3 O-O
9.h3 Bb7 10.d4 Re8 11.Nbd2 Bf8 12.d5 Nb8 13.Nf1 Nbd7 14.Ng3 g6 15.Be3 c6
16.dxc6 Bxc6 17.Ng5 Re7 18.Qxd6 Rc8 19.Rad1 h6 20.Nf3 Re8 21.Qd2 h5 22.Ng5 Re7
23.Bc5  1-0

[Event "100th Ann. Geneva CC"]
[Site "Geneva SUI"]
[Date "2001.04.20"]
[Round "3"]
[White "Guadalpi,D"]
[Black "Miralles,G"]
[Result "1/2-1/2"]
[WhiteElo "2282"]
[BlackElo "2473"]

1.e4 e5 2.Nf3 Nc6 3.Bb5 a6 4.Ba4 Nf6 5.O-O Be7 6.Re1 b5 7.Bb3 d6 8.c3 O-O
9.h3 Bb7 10.d4 h6 11.Nbd2 Re8 12.Nf1 Bf8 13.Ng3 exd4 14.cxd4 Na5 15.Bc2 c5
16.d5 g6 17.Nh2 Bg7 18.h4 h5 19.Bg5 Qd7 20.b3 Nh7 21.Bd2  1/2-1/2

[Event "2nd ch-EUR Women"]
[Site "Warsaw POL"]
[Date "2001.04.22"]
[Round "1"]
[White "Polovnikova,E"]
[Black "Matras,A"]
[Result "1-0"]
[WhiteElo "2377"]
[BlackElo "2220"]

1.e4 e5 2.Nf3 Nc6 3.Bb5 a6 4.Ba4 Nf6 5.O-O Be7 6.Re1 b5 7.Bb3 d6 8.c3 O-O
9.h3 Bb7 10.d4 Re8 11.Nbd2 Bf8 12.d5 Na5 13.Bc2 c6 14.b4 Nc4 15.Nxc4 bxc4
16.dxc6 Bxc6 17.Bg5 Rc8 18.Ba4 Re6 19.Bxc6 Rxc6 20.Bxf6 Qxf6 21.Qd5 Rc8 22.Nd2 Qe7
23.a4 g6 24.a5 Qc7 25.b5 axb5 26.a6 Ree8 27.Reb1 Qc6 28.Rxb5 Qxd5 29.exd5 Bh6
30.Ne4 Red8 31.Rb7 Bf8 32.a7 h6 33.Rab1 Ra8 34.Nf6+ Kg7 35.Nd7  1-0

[Event "Bank Pocztowy Open A"]
[Site "Bydgoszcz POL"]
[Date "2001.04.29"]
[Round "3"]
[White "Lewandowski,R"]
[Black "Lagowski,P"]
[Result "0-1"]
[WhiteElo "2234"]
[BlackElo "2328"]

1.e4 e5 2.Nf3 Nc6 3.Bb5 a6 4.Ba4 Nf6 5.O-O b5 6.Bb3 Be7 7.Re1 O-O 8.c3 d6
9.h3 Re8 10.Ng5 Rf8 11.Nf3 Bb7 12.d4 Re8 13.a3 Bf8 14.d5 Ne7 15.c4 Ng6 16.Qd3 Qd7
17.Nc3 Nh5 18.cxb5 Nhf4 19.Bxf4 Nxf4 20.Qf1 axb5 21.Qxb5 c6 22.Qf1 h6 23.dxc6 Bxc6
24.Bc4 Kh8 25.g3 Nxh3+ 26.Kh2 Ng5 27.Nxg5 hxg5 28.Qe2 g6 29.Kg2 f5 30.Nd5 Kg7
31.Rh1 Be7 32.b4 fxe4 33.b5 Bb7 34.Qe3 Qf5 35.Nc7 Qf3+ 36.Kg1 Rh8 37.Qxf3 exf3
38.Nxa8 Rxa8 39.a4 d5 40.Bb3 Bb4 41.Rc1 Bd6 42.Kf1 d4 43.Ke1 e4 44.Rc4 Be5
45.Kd2 e3+ 46.fxe3 dxe3+ 47.Kxe3 Bxg3 48.Bc2 Bf4+ 49.Kf2 Re8 50.Re1 Rxe1
51.Kxe1 Bd5 52.Rd4 Bg3+ 53.Kf1 Be6 54.Bd3 Bh3+ 55.Kg1 f2+ 56.Kh1 g4 57.Be2 Be5
58.Rd1 g3 59.Bf1 Bg4 60.Rb1 Bf5 61.Rb4 Bd6 62.Rd4 Be5 63.Rb4 Be6  0-1

[Event "Young Masters"]
[Site "Lausanne SUI"]
[Date "2001.05.27"]
[Round "4.3"]
[White "Bruzon,L"]
[Black "Bacrot,E"]
[Result "1-0"]
[WhiteElo "2589"]
[BlackElo "2627"]

1.e4 e5 2.Nf3 Nc6 3.Bb5 a6 4.Ba4 Nf6 5.O-O Be7 6.Re1 b5 7.Bb3 d6 8.c3 O-O
9.h3 Bb7 10.d4 Re8 11.Nbd2 Bf8 12.Bc2 Nb8 13.b3 Nbd7 14.d5 c6 15.c4 g6 16.a4 bxc4
17.bxc4 Nc5 18.a5 Qc7 19.Nf1 Rec8 20.Bg5 Bg7 21.Ra2 Rab8 22.N3h2 Ba8 23.Qf3 Ne8
24.Ng4 cxd5 25.cxd5 Rb5 26.Qa3 Rcb8 27.Rc1 h5 28.Ngh2 Bf6 29.Be3 Qd8 30.Nd2 Bg5
31.Rca1 Bxe3 32.Qxe3 Rb4 33.Nhf3 Qe7 34.Ne1 Nf6 35.Nd3 Rxe4 36.Nxe4 Ncxe4
37.Rb2 Rxb2 38.Nxb2 Nc5 39.Nc4 Nxd5 40.Qd2 Nf4 41.f3 Qg5 42.Kh2 h4 43.Ra3 d5
44.Ne3 Qg3+ 45.Kh1 d4 46.Nf1 Qg5 47.Kh2 Bc6 48.Qf2 Bb5 49.Kh1 Bxf1 50.Qxf1 d3
51.Bxd3 Ncxd3 52.Rxd3 Nxd3 53.Qxd3 Qc1+ 54.Kh2 Qf4+ 55.Kh1 Qf6 56.Qd5 Kg7
57.Qe4 Qf4 58.Qc6 Qf6 59.Qe4 Kh6 60.Qe3+ Kg7 61.Qb6 Qe6 62.Qb4 Qd5 63.Qb6 Qd3
64.Qc5 Kf6 65.Qf8 Qc4 66.Qd6+ Kf5 67.Qd7+ Kf4 68.Qg4+  1-0

[Event "2nd IECC"]
[Site "Ohrid MKD"]
[Date "2001.06.04"]
[Round "4"]
[White "Ehlvest,J"]
[Black "Acs,P"]
[Result "1-0"]
[WhiteElo "2630"]
[BlackElo "2509"]

1.e4 e5 2.Nf3 Nc6 3.Bb5 a6 4.Ba4 Nf6 5.O-O Be7 6.Re1 b5 7.Bb3 d6 8.c3 O-O
9.h3 Bb7 10.d4 Re8 11.Nbd2 Bf8 12.a4 h6 13.Bc2 exd4 14.cxd4 Nb4 15.Bb1 c5
16.d5 Nd7 17.Ra3 f5 18.Nh2 Kh8 19.g4 fxe4 20.Nxe4 Re5 21.g5 Rxd5 22.Qe2 Re5
23.Bf4 Re6 24.Qg4 Qe7 25.Rae3 Nd5 26.Nxd6 Nxe3 27.Rxe3 Rxe3 28.fxe3 Bd5 29.Nf3 Bxf3
30.Qxf3 Rd8 31.Qh5 Ne5 32.gxh6 Nf3+ 33.Kf2 g6 34.Qxg6 Rxd6 35.Bxd6 Nh4 36.Be5+  1-0

[Event "TCh-Europe Boys U18"]
[Site "Balatonlelle HUN"]
[Date "2001.06.29"]
[Round "7"]
[White "Mcgowan,D"]
[Black "Rybansky,D"]
[Result "0-1"]
[WhiteElo "2116"]
[BlackElo "2296"]

1.e4 e5 2.Nf3 Nc6 3.Bb5 a6 4.Ba4 Nf6 5.O-O b5 6.Bb3 Be7 7.Re1 d6 8.c3 O-O
9.h3 Bb7 10.d4 Re8 11.Nbd2 Bf8 12.Bc2 h6 13.a4 exd4 14.cxd4 Nb4 15.Bb1 c5
16.b3 Rc8 17.Bb2 c4 18.bxc4 bxc4 19.Bc3 Nd3 20.Re3 Nxe4 21.Nxe4 Bxe4 22.Ne1 d5
23.Nxd3 cxd3 24.Qd2 Bd6 25.g3 Qg5 26.Rxd3 Bxd3 27.Bxd3 Qxd2 28.Bxd2 Rc6 29.Bf5 Rb8
30.Re1 g6 31.Bg4 Rc4 32.Bxh6 Rxd4 33.Bd7 Rdb4 34.Kg2 d4 35.h4 Rd8 36.Bc6 Bf8
37.Bg5 Rd6 38.Re8 Kg7 39.Bf3 Rxa4 40.Bf4 Re6 41.Rd8 Be7 42.Rd7 Bf6 43.Bd6 Be5
44.Be7 d3 45.Bd5 Rd4 46.Bg5 Rd6 47.Rxf7+ Kh8 48.Rf8+ Kh7 49.Rf7+ Bg7 50.Bb3 d2
51.Bd1 Re4 52.h5 Re1 53.Bc2 d1=Q 54.Bxd1 Rexd1  0-1

[Event "Open"]
[Site "Karvina CZE"]
[Date "2001.07.01"]
[Round "2"]
[White "Talla,V"]
[Black "Matras,A"]
[Result "1-0"]
[WhiteElo "2410"]
[BlackElo "2220"]

1.e4 e5 2.Nf3 Nc6 3.Bb5 a6 4.Ba4 Nf6 5.O-O Be7 6.Re1 b5 7.Bb3 d6 8.c3 O-O
9.h3 Bb7 10.d4 Re8 11.Nbd2 Bf8 12.a4 Na5 13.Bc2 c5 14.d5 c4 15.Nf1 Nd7 16.Ng3 Nc5
17.axb5 axb5 18.Rb1 Nab3 19.Be3 g6 20.Nh2 Bc8 21.f4 exf4 22.Bxf4 Bg7 23.Nf3 Qb6
24.Kh1 b4 25.cxb4 Na6 26.Bxb3 cxb3 27.Qxb3 Nxb4 28.Be3 Qb7 29.Bd4 Bxd4 30.Nxd4 Bd7
31.Qf3 Qb6 32.Qf6 Nd3 33.Rf1 Rf8 34.Ngf5 Bxf5 35.Nxf5 gxf5 36.Rxf5 Qe3 37.Rg5+ Qxg5
38.Qxg5+ Kh8 39.Qf6+ Kg8 40.b4 Rab8 41.Rb3 Ne5 42.Rg3+ Ng6 43.h4  1-0

[Event "FSIMA July"]
[Site "Budapest HUN"]
[Date "2001.07.05"]
[Round "4"]
[White "Gara,A"]
[Black "Petran,Pa"]
[Result "0-1"]
[WhiteElo "2303"]
[BlackElo "2388"]

1.e4 e5 2.Nf3 Nc6 3.Bb5 a6 4.Ba4 Nf6 5.O-O Be7 6.Re1 b5 7.Bb3 d6 8.c3 O-O
9.h3 Bb7 10.a4 Na5 11.Bc2 c5 12.b3 Qc7 13.d4 cxd4 14.cxd4 Nc6 15.Bb2 Nb4
16.Re2 Nxc2 17.Rxc2 Qb6 18.a5 Qd8 19.dxe5 dxe5 20.Rd2 Qc8 21.Nc3 Bb4 22.Rc2 Qe6
23.Qe2 Rac8 24.Nd5 Nxd5 25.Rxc8 Rxc8 26.exd5 Qxd5 27.Qxe5 Qxe5 28.Bxe5 f6
29.Bd4 Rd8 30.Bb6 Rd3 31.Rc1 Ba3 32.Re1 Rxb3 33.Nd4 Rc3 34.Re8+ Kf7 35.Rd8 Bc8
36.Ne2 Rc2 37.Nd4 Rc1+ 38.Kh2 Be7 39.Rd5 b4 40.Nb3 Rc3 41.Nc5 b3 42.Na4 Rc2
43.Bd4 Rd2 44.Nb6 Be6 45.Nc4 Bxd5  0-1

[Event "6th Leg Russian Cup"]
[Site "Tomsk RUS"]
[Date "2001.07.05"]
[Round "6"]
[White "Kurnosov,I"]
[Black "Shinkevich,V"]
[Result "1/2-1/2"]
[WhiteElo "2375"]
[BlackElo "2440"]

1.e4 e5 2.Nf3 Nc6 3.Bb5 a6 4.Ba4 Nf6 5.O-O Be7 6.Re1 b5 7.Bb3 d6 8.c3 O-O
9.h3 Bb7 10.d3 Na5 11.Bc2 c5 12.Nbd2 Re8 13.Nf1 Nc6  1/2-1/2

[Event "FSIMA July"]
[Site "Budapest HUN"]
[Date "2001.07.14"]
[Round "13"]
[White "Gara,A"]
[Black "Bjornsson,S"]
[Result "0-1"]
[WhiteElo "2303"]
[BlackElo "2297"]

1.e4 e5 2.Nf3 Nc6 3.Bb5 a6 4.Ba4 Nf6 5.O-O Be7 6.Re1 b5 7.Bb3 d6 8.c3 O-O
9.h3 Bb7 10.d4 Re8 11.Nbd2 Bf8 12.Bc2 h6 13.d5 Ne7 14.b3 c6 15.c4 cxd5 16.cxd5 Nd7
17.Nf1 f5 18.exf5 Nxd5 19.Ng3 Rc8 20.Bd2 b4 21.Ne4 N7f6 22.Bd3 Nc3 23.Bxc3 bxc3
24.Nxf6+ Qxf6 25.Bc4+ Kh8 26.Be6 Rc7 27.Rc1 g6 28.Qd3 gxf5 29.Bxf5 d5 30.Bg6 Re6
31.Bf5 e4 32.Qd4 exf3 33.Qf4 Rxe1+ 34.Rxe1 Rf7 35.g4 d4 36.Qb8 Qd6 37.Qe8 Bd5
38.Be4 Be6 39.Bg6 Rf6 40.Bd3 Bf7 41.Qc8 Re6 42.Rd1 Qe7 43.Kh2 Qe8 44.Qxe8 Bxe8
45.Kg3 Bd6+ 46.Kh4 Bf4 47.Bf5 Rd6 48.Be4 Bb5  0-1

[Event "ch-LIB"]
[Site "Beruit LIB"]
[Date "2001.07.31"]
[Round "4.2"]
[White "Kassis,A"]
[Black "Najjar,A"]
[Result "0-1"]
[WhiteElo "2180"]
[BlackElo "2275"]

1.e4 e5 2.Nf3 Nc6 3.Bb5 a6 4.Ba4 Nf6 5.O-O b5 6.Bb3 Be7 7.Re1 d6 8.h3 Bb7
9.c3 O-O 10.d4 exd4 11.cxd4 Na5 12.Bc2 c5 13.Nbd2 Nc6 14.d5 Ne5 15.Nxe5 dxe5
16.Nf1 c4 17.Ng3 g6 18.f4 Bd6 19.f5 Bc5+ 20.Kh2 Nd7 21.Qg4 Re8 22.Rf1 Bf8
23.fxg6 fxg6 24.Bg5 Qc7 25.Rad1 Nc5 26.Be3 Bc8 27.Qf3 Nb7 28.h4 Nd6 29.h5 Qe7
30.Rh1 Bg7 31.Kg1 Rf8 32.Qe2 Rf7 33.hxg6 hxg6 34.Qd2 Bg4 35.Re1 Bf8 36.Bd1 Qd7
37.Rh4 Bxd1 38.Qxd1 Ne8 39.Rg4 Rg7 40.Rf1 Be7 41.Bh6 Nf6 42.Rxf6 Bxf6 43.Bxg7 Qxg7
44.d6 Qa7+ 45.Kf1 Qf7 46.Ke1 Rf8 47.Qe2 Bd8 48.Nf5 Kh8 49.Ne3 Ba5+ 50.Kd1 Rd8
51.Nd5 Rxd6 52.Rg5 Qf6 53.Rg3 Kg7 54.Kc2 Qh4 55.Ra3 Qe1 56.Qxe1 Bxe1 57.Rf3 Ba5
58.Rf1 Bd8 59.a4 Kh6 60.axb5 axb5 61.Ra1 Kh5 62.Kc3 Rd7 63.Kb4 Rb7 64.Ra6 Bg5
65.g4+ Kh6 66.Kc5 Bc1 67.Kc6 Rb8 68.Kc7 Rf8 69.Rb6 Bxb2 70.Rxb5 Bd4 71.Rb4 c3
72.Rc4 Kg5 73.Rc6 Rf7+ 74.Kd6 Kxg4 75.Ke6 Rf2  0-1